Bodenbewertung; die Bewertung der mineralischen Ackerböden Deutschlands, (Record no. 9539)

MARC details
000 -LEADER
fixed length control field 00898cam a22002531 4500
001 - CONTROL NUMBER
control field agr32001315
003 - CONTROL NUMBER IDENTIFIER
control field DLC
005 - DATE AND TIME OF LATEST TRANSACTION
control field 20260227110952.0
008 - FIXED-LENGTH DATA ELEMENTS--GENERAL INFORMATION
fixed length control field 881010s1932 gw 000 0 ger c
010 ## - LIBRARY OF CONGRESS CONTROL NUMBER
LC control number agr32001315
035 ## - SYSTEM CONTROL NUMBER
System control number (OCoLC)18586608
040 ## - CATALOGING SOURCE
Original cataloging agency U.S. Dept. of Agr. Libr.
Transcribing agency MoU
Modifying agency MoU
-- DLC
042 ## - AUTHENTICATION CODE
Authentication code premarc
050 00 - LIBRARY OF CONGRESS CALL NUMBER
Classification number S599.G3
Item number H4
070 0# - NATIONAL AGRICULTURAL LIBRARY CALL NUMBER
Classification number 18
Item number G31A heft. 63
100 1# - MAIN ENTRY--PERSONAL NAME
Personal name Herzog, Heinrich.
245 10 - TITLE STATEMENT
Title Bodenbewertung; die Bewertung der mineralischen Ackerböden Deutschlands,
Statement of responsibility, etc. von Heinrich Herzog. Die morphologischen Merkmale in der Praxis der Bodenbewertung, von W. Taschenmacher.
260 ## - PUBLICATION, DISTRIBUTION, ETC.
Place of publication, distribution, etc. Berlin,
Name of publisher, distributor, etc. P. Parey,
Date of publication, distribution, etc. 1932.
300 ## - PHYSICAL DESCRIPTION
Extent 93 p.
Dimensions 27 cm.
490 1# - SERIES STATEMENT
Series statement Berichte über Landwirtschaft,
Volume/sequential designation n.f., 63. Sonderheft
650 #0 - SUBJECT ADDED ENTRY--TOPICAL TERM
Topical term or geographic name entry element Soils
Geographic subdivision Germany.
700 1# - ADDED ENTRY--PERSONAL NAME
Personal name Taschenmacher, Willibald,
Dates associated with a name 1902-
830 #0 - SERIES ADDED ENTRY--UNIFORM TITLE
Uniform title Berichte über Landwirtschaft.
Name of part/section of a work Sonderheft ;
Volume/sequential designation 63

No items available.

Powered by Koha